| 000 | 00621nam a22002297a 4500 | ||
|---|---|---|---|
| 005 | 20220729111857.0 | ||
| 008 | 220729b ||||| |||| 00| 0 eng d | ||
| 040 | _cAloy | ||
| 041 | _aeng | ||
| 082 |
_223 _a954.03 _bSHRI |
||
| 100 |
_aShrikrishan _953976 |
||
| 100 | _953975 | ||
| 245 |
_aIndian revolutionaries: _ba comprehensive study 1757-1961 Vol.3 |
||
| 260 |
_aNew Delhi _bOcean Books Pvt Ltd _c1999 |
||
| 300 |
_a282p. _bHB _c22x14cm. |
||
| 365 | _2History | ||
| 440 | _vVol.3 | ||
| 650 |
_aIndian History _953967 |
||
| 650 |
_aFreedom Fighters _953968 |
||
| 700 |
_aSHRIKRISHAN _953969 |
||
| 942 |
_2ddc _cGF |
||
| 999 |
_c224286 _d224286 |
||